[Event "Charleroi op 3rd"]
[Site "Charleroi"]
[Date "2004.08.02"]
[Round "5"]
[White "Palazzo, Carlos Alberto"]
[Black "Faybish, Nimrod"]
[Result "0-1"]
[WhiteElo "2003"]
[BlackElo "2178"]
[PlyCount "68"]
[EventDate "2004.07.03"]
[EventType "swiss"]
[EventRounds "9"]
[EventCountry "BEL"]
[SourceTitle "CBM 101 Extra"]
[Source "ChessBase"]
[SourceDate "2004.09.01"]
[SourceVersion "2"]
[SourceVersionDate "2004.09.01"]
[SourceQuality "1"]

1. Nf3 Nf6 2. d4 c5 3. d5 b5 4. c4 b4 5. a3 bxa3 6. Rxa3 d6 7. Nc3 g6 8. e4 Bg7 9. Bd2 0-0 10. Bd3 Na6 11. Nb5 Nb4 12. Bxb4 cxb4 13. Rxa7 Rxa7 14. Nxa7 Bd7 15. 0-0 Qb6 16. Nb5 Bxb5 17. cxb5 Nd7 18. Qd2 Nc5 19. Bc4 b3 20. Ra1 Nxe4 21. Qe2 Nc5 22. Ra3 Qb7 23. Qd2 Ra8 24. Rxa8+ Qxa8 25. Nd4 Ne4 26. Qe3 Qa1+ 27. Bf1 Qxb2 28. Nxb3 Nxf2 29. b6 Nd1 30. Qf3 Bd4+ 31. Nxd4 Qxd4+ 32. Kh1 Nf2+ 33. Kg1 Nh3+ 34. Kh1 Qg1# 0-1

[Event "Geraardsbergen op"]
[Site "Geraardsbergen"]
[Date "2003.08.15"]
[Round "4"]
[White "Swinkels, Robin"]
[Black "Palazzo, Carlos Alberto"]
[Result "1-0"]
[WhiteElo "2171"]
[BlackElo "1907"]
[PlyCount "91"]
[EventDate "2003.08.??"]
[EventType "swiss"]
[EventRounds "7"]
[EventCountry "BEL"]
[SourceTitle "EXT 2005"]
[Source "ChessBase"]
[SourceDate "2004.11.15"]
[SourceVersion "1"]
[SourceVersionDate "2004.11.15"]
[SourceQuality "1"]

1. e4 c5 2. Nf3 d6 3. d4 cxd4 4. Nxd4 Nf6 5. Nc3 a6 6. f3 b5 7. Be3 Bb7 8. g4 e6 9. Qd2 Be7 10. 0-0-0 0-0 11. g5 Nfd7 12. h4 b4 13. Nb1 Nc6 14. Nxc6 Bxc6 15. Qxb4 d5 16. Qd2 dxe4 17. f4 Qc7 18. h5 Rfc8 19. Nc3 Nb6 20. h6 Rd8 21. Qf2 Rxd1+ 22. Nxd1 Bc5 23. Bxc5 e3 24. Qxe3 Bxh1 25. Bxb6 Qc6 26. hxg7 Be4 27. Nc3 Bf5 28. a4 Qh1 29. Qg1 Qh4 30. Qf2 Qh5 31. a5 h6 32. Bg2 Rb8 33. gxh6 Qxh6 34. Ne4 Rc8 35. Bd4 Bxe4 36. Bxe4 Rc4 37. b3 Rb4 38. Qd2 Rb8 39. Be5 Rc8 40. Qd7 Rxc2+ 41. Bxc2 Qh1+ 42. Kb2 Qa8 43. Qd3 f5 44. Qd7 Kh7 45. g8Q+ Kxg8 46. Qg7# 1-0

[Event "Geraardsbergen op"]
[Site "Geraardsbergen"]
[Date "2003.08.14"]
[Round "2"]
[White "Beuselinck, Steven"]
[Black "Palazzo, Carlos Alberto"]
[Result "1-0"]
[WhiteElo "2178"]
[BlackElo "1907"]
[PlyCount "99"]
[EventDate "2003.08.??"]
[EventType "swiss"]
[EventRounds "7"]
[EventCountry "BEL"]
[SourceTitle "EXT 2005"]
[Source "ChessBase"]
[SourceDate "2004.11.15"]
[SourceVersion "1"]
[SourceVersionDate "2004.11.15"]
[SourceQuality "1"]

1. c4 Nf6 2. e3 g6 3. b3 Bg7 4. Bb2 0-0 5. d3 d5 6. cxd5 Nxd5 7. Bxg7 Kxg7 8. Qc2 Qd6 9. Nd2 Nc6 10. a3 Qe5 11. Rc1 f5 12. Ngf3 Qf6 13. Be2 e5 14. b4 a6 15. Qb2 g5 16. Rc5 Nb6 17. Rxc6 bxc6 18. Nxe5 Re8 19. f4 Nd5 20. Ndc4 gxf4 21. exf4 Nxf4 22. 0-0 Nxe2+ 23. Qxe2 Be6 24. d4 Bd5 25. Ne3 Be4 26. Qh5 Rf8 27. Rf4 Qh6 28. Qxh6+ Kxh6 29. h4 Rad8 30. g4 Rxd4 31. Nxf5+ Bxf5 32. Rxd4 Be6 33. Nxc6 Rf3 34. g5+ Kh5 35. a4 Rh3 36. Nb8 Bc8 37. Rc4 Be6 38. Rxc7 Rxh4 39. Rxh7+ Kxg5 40. Rxh4 Kxh4 41. Nxa6 Bb3 42. Nc5 Bc4 43. Kf2 Kg4 44. Ke3 Kf5 45. Kd4 Bf1 46. Kd5 Bg2+ 47. Kd6 Kf4 48. a5 Ke3 49. a6 Kd4 50. Nb7 1-0